[Event "Titled Tuesday intern op 18th Mar Late"]
[Site "Chess.com INT"]
[Date "2025.03.18"]
[Round "9"]
[White "Provotorov, Alexandr P"]
[Black "Barria Zuniga, Daniel"]
[Result "1-0"]
[WhiteElo "2212"]
[BlackElo "2341"]
[PlyCount "123"]
[EventDate "2025.03.18"]
[EventType "swiss (blitz)"]
[EventRounds "11"]
[EventCountry "USA"]
[SourceTitle "CB13_2025"]
[SourceDate "2025.03.26"]
[SourceVersion "1"]
[SourceVersionDate "2025.03.26"]
[SourceQuality "1"]

1. e4 c5 2. c3 d5 3. exd5 Qxd5 4. d4 Nf6 5. Nf3 Bg4 6. Be2 e6 7. h3 Bh5 8. 0-0 Nc6 9. Be3 cxd4 10. cxd4 Bb4 11. Nc3 Qd6 12. a3 Ba5 13. Rc1 0-0 14. g4 Bg6 15. g5 Nd5 16. Nxd5 exd5 17. b4 Bc7 18. b5 Na5 19. Ne5 Bb6 20. Qa4 Rae8 21. Bf4 Qe6 22. Bf3 Be4 23. Bxe4 dxe4 24. Kg2 Qf5 25. Be3 f6 26. gxf6 gxf6 27. Ng4 Qf3+ 28. Kh2 h5 29. Nh6+ Kh8 30. Rg1 Rc8 31. Qd1 Bc7+ 32. Rxc7 Rxc7 33. Qxf3 exf3 34. Nf5 Nc4 35. Bf4 Rd7 36. Bh6 Rg8 37. Re1 Rg2+ 38. Kh1 Kh7 39. Bf4 Nb2 40. Bg3 Nd3 41. Rf1 Rd5 42. Nh4 Rxb5 43. Nxg2 fxg2+ 44. Kxg2 Rb3 45. a4 Kg6 46. Rd1 Kf5 47. h4 Ke4 48. d5 Kxd5 49. Kh3 a6 50. Rd2 b5 51. axb5 axb5 52. Ra2 Ke4 53. Ra6 f5 54. Re6+ Kd5 55. Rf6 Ke4 56. Kg2 f4 57. Bh2 Rb4 58. Re6+ Kf5 59. Rh6 Kg4 60. Rg6+ Kxh4 61. Bg3+ fxg3 62. fxg3# 1-0

[Event "Titled Tuesday intern op 18th Mar Late"]
[Site "Chess.com INT"]
[Date "2025.03.18"]
[Round "2"]
[White "Provotorov, Alexandr P"]
[Black "Winkels, Marcel"]
[Result "1-0"]
[WhiteElo "2212"]
[BlackElo "1885"]
[PlyCount "63"]
[EventDate "2025.03.18"]
[EventType "swiss (blitz)"]
[EventRounds "11"]
[EventCountry "USA"]
[SourceTitle "CB13_2025"]
[SourceDate "2025.03.26"]
[SourceVersion "1"]
[SourceVersionDate "2025.03.26"]
[SourceQuality "1"]

1. Nf3 d5 2. e3 Nf6 3. c4 g6 4. d4 Bg7 5. cxd5 Nxd5 6. Be2 0-0 7. 0-0 c5 8. e4 Nb4 9. a3 N4c6 10. d5 Ne5 11. Nxe5 Bxe5 12. Nc3 Nd7 13. Bh6 Re8 14. Qd2 Nf6 15. f3 a6 16. Be3 Bd6 17. Rad1 Qc7 18. f4 Ng4 19. e5 Nxe5 20. fxe5 Bxe5 21. Bf4 Bf5 22. Bxe5 Qxe5 23. Qf4 Qg7 24. Bg4 Bxg4 25. Qxg4 b5 26. Qe2 Rab8 27. Ne4 Qe5 28. Qf3 f5 29. Nxc5 Qxb2 30. Rf2 Qf6 31. Nd7 Rbc8 32. Nxf6+ 1-0

[Event "Titled Tuesday intern op 11th Mar Late"]
[Site "Chess.com INT"]
[Date "2025.03.11"]
[Round "10"]
[White "Provotorov, Alexandr P"]
[Black "Kurmangaliyeva, Liya"]
[Result "1-0"]
[WhiteElo "2212"]
[BlackElo "2272"]
[PlyCount "95"]
[EventDate "2025.03.11"]
[EventType "swiss (blitz)"]
[EventRounds "11"]
[EventCountry "USA"]
[SourceTitle "CB12_2025"]
[SourceDate "2025.03.19"]
[SourceVersion "1"]
[SourceVersionDate "2025.03.19"]
[SourceQuality "1"]

1. e4 Nc6 2. Nc3 d5 3. exd5 Nb4 4. Bb5+ Bd7 5. Bc4 c6 6. dxc6 Bxc6 7. Nf3 Nf6 8. 0-0 Qc7 9. d3 e6 10. a3 Nbd5 11. Nxd5 Nxd5 12. Re1 Bc5 13. d4 Bd6 14. Ne5 Bxe5 15. dxe5 0-0-0 16. Qe2 Nb6 17. Bd3 h5 18. Bg5 Rd4 19. h4 Nd5 20. Rad1 Rg4 21. f3 Nf4 22. Bxf4 Rxf4 23. Qf2 g6 24. Qxa7 Rxh4 25. Qa8+ Qb8 26. Qxb8+ Kxb8 27. Be4 Bb5 28. b3 g5 29. c4 Bc6 30. Bxc6 bxc6 31. Rd6 Kc7 32. Red1 Rf4 33. Rd7+ Kb6 34. b4 Rxc4 35. Rxf7 g4 36. Rdd7 Kb5 37. Ra7 Rc1+ 38. Kf2 gxf3 39. Rab7+ Kc4 40. Rxf3 Rg8 41. g3 Kd5 42. Rd7+ Kxe5 43. Re3+ Kf6 44. Rd6 Re8 45. Rf3+ Ke5 46. Rd7 Ra8 47. Rh7 Rxa3 48. Rxa3 1-0

[Event "Titled Tuesday intern op 11th Mar Late"]
[Site "Chess.com INT"]
[Date "2025.03.11"]
[Round "4"]
[White "Provotorov, Alexandr P"]
[Black "Matinian, Nikita"]
[Result "0-1"]
[WhiteElo "2212"]
[BlackElo "2415"]
[PlyCount "108"]
[EventDate "2025.03.11"]
[EventType "swiss (blitz)"]
[EventRounds "11"]
[EventCountry "USA"]
[SourceTitle "CB12_2025"]
[SourceDate "2025.03.19"]
[SourceVersion "1"]
[SourceVersionDate "2025.03.19"]
[SourceQuality "1"]

1. e4 c5 2. c3 d5 3. exd5 Qxd5 4. d4 g6 5. Nf3 Bg7 6. Na3 cxd4 7. Bc4 Qe4+ 8. Be3 Nh6 9. Nb5 0-0 10. Nbxd4 Nc6 11. 0-0 Ng4 12. Re1 Nxe3 13. Rxe3 Qf4 14. Nxc6 bxc6 15. Be2 Rb8 16. Qc2 Bf5 17. Bd3 Bxd3 18. Rxd3 e5 19. Re3 Rfe8 20. Rae1 e4 21. Rxe4 Rxe4 22. Rxe4 Qf5 23. Qe2 Kf8 24. h3 Bf6 25. Nd4 Bxd4 26. cxd4 Kg7 27. Re3 Qb1+ 28. Kh2 Rxb2 29. Qf3 Qxa2 30. Kg3 Qd5 31. Qxd5 cxd5 32. Re7 Ra2 33. Rd7 Ra5 34. f3 Kf6 35. Kf4 Ke6 36. Rc7 Ra4 37. Ke3 h5 38. g4 h4 39. Rb7 g5 40. Rc7 Ra3+ 41. Ke2 a5 42. Rc6+ Ke7 43. Ra6 a4 44. Ra5 Kd6 45. Ra6+ Ke7 46. Ra5 Kd6 47. Ra6+ Kc7 48. Ra5 Kc6 49. Ra6+ Kb5 50. Rd6 Kc4 51. Rd7 Kxd4 52. Rxf7 Ra2+ 53. Ke1 a3 54. Rf5 Rb2 0-1

[Event "Titled Tuesday intern op 11th Mar Late"]
[Site "Chess.com INT"]
[Date "2025.03.11"]
[Round "2"]
[White "Provotorov, Alexandr P"]
[Black "Sai, Krishna GV"]
[Result "1-0"]
[WhiteElo "2212"]
[BlackElo "2365"]
[PlyCount "31"]
[EventDate "2025.03.11"]
[EventType "swiss (blitz)"]
[EventRounds "11"]
[EventCountry "USA"]
[SourceTitle "CB12_2025"]
[SourceDate "2025.03.19"]
[SourceVersion "1"]
[SourceVersionDate "2025.03.19"]
[SourceQuality "1"]

1. e4 c5 2. c3 d5 3. exd5 Qxd5 4. d4 Nc6 5. Nf3 Bg4 6. Be2 0-0-0 7. Be3 cxd4 8. cxd4 e5 9. Nc3 Bb4 10. 0-0 Qa5 11. Nxe5 Bxe2 12. Qxe2 Nxe5 13. dxe5 Bxc3 14. Rac1 Qxe5 15. Rxc3+ Kb8 16. Bxa7+ 1-0

[Event "Titled Tuesday intern op 04th Mar Early"]
[Site "Chess.com INT"]
[Date "2025.03.04"]
[Round "3"]
[White "Ozates, Tuna"]
[Black "Provotorov, Alexandr P"]
[Result "1-0"]
[WhiteElo "2225"]
[BlackElo "2212"]
[PlyCount "61"]
[EventDate "2025.03.04"]
[EventType "swiss (blitz)"]
[EventRounds "11"]
[EventCountry "USA"]
[SourceTitle "CB11_2025"]
[SourceDate "2025.03.12"]
[SourceVersion "1"]
[SourceVersionDate "2025.03.12"]
[SourceQuality "1"]

1. d4 Nf6 2. c4 d6 3. Nc3 Nbd7 4. e4 e5 5. d5 Nc5 6. f3 a5 7. Be3 Be7 8. Nge2 0-0 9. g4 Ne8 10. Ng3 Bh4 11. Qd2 g6 12. Bh3 f6 13. 0-0-0 Ng7 14. Kb1 Bg5 15. Nge2 Bd7 16. Bg2 Bh4 17. h3 a4 18. f4 exf4 19. Nxf4 b6 20. Rhf1 Qe7 21. Bd4 Bg5 22. Qf2 Rae8 23. h4 Bxf4 24. Qxf4 Bc8 25. Bxf6 Qd7 26. Bh3 Rf7 27. Rf3 Ref8 28. g5 Nh5 29. Bxd7 Nxf4 30. Bxc8 Ng2 31. Be6 1-0

[Event "Titled Tuesday intern op 04th Mar Early"]
[Site "Chess.com INT"]
[Date "2025.03.04"]
[Round "1"]
[White "Provotorov, Alexandr P"]
[Black "Bologan, Viktor"]
[Result "0-1"]
[WhiteElo "2212"]
[BlackElo "2607"]
[PlyCount "110"]
[EventDate "2025.03.04"]
[EventType "swiss (blitz)"]
[EventRounds "11"]
[EventCountry "USA"]
[SourceTitle "CB11_2025"]
[SourceDate "2025.03.12"]
[SourceVersion "1"]
[SourceVersionDate "2025.03.12"]
[SourceQuality "1"]

1. e4 d6 2. d4 Nf6 3. Bd3 e5 4. c3 Nbd7 5. Nf3 d5 6. dxe5 dxe4 7. exf6 exd3 8. fxg7 Bxg7 9. Qxd3 0-0 10. 0-0 Ne5 11. Nxe5 Bxe5 12. Qxd8 Rxd8 13. Be3 b6 14. Nd2 Bb7 15. Rfe1 Bg7 16. Nb3 c5 17. h3 Rd3 18. Bf4 Rad8 19. Re7 R3d7 20. Rae1 h6 21. Rxd7 Rxd7 22. Nd2 Bd5 23. a3 Kh7 24. f3 Be6 25. Ne4 a5 26. Kf2 a4 27. Re2 Rb7 28. Rd2 f5 29. Nd6 Rd7 30. Nb5 Rxd2+ 31. Bxd2 Be5 32. g3 Bd7 33. f4 Bb8 34. c4 Be6 35. Nc3 Bxc4 36. Nxa4 Bc7 37. Nc3 Kg6 38. Be3 Kf7 39. b4 cxb4 40. axb4 h5 41. Bd4 Ke6 42. Ke3 b5 43. Kf2 Bd6 44. Bc5 Bxc5+ 45. bxc5 b4 46. Na4 Kd5 47. Ke3 Bb5 48. Nb2 Kxc5 49. g4 fxg4 50. hxg4 hxg4 51. f5 Bd7 52. Kf4 Bxf5 53. Kxf5 g3 54. Nd3+ Kd4 55. Ne5 b3 0-1

[Event "Titled Tuesday intern op 04th Mar Early"]
[Site "Chess.com INT"]
[Date "2025.03.04"]
[Round "4"]
[White "Provotorov, Alexandr P"]
[Black "Leung, Hoi Ting"]
[Result "1-0"]
[WhiteElo "2212"]
[BlackElo "1618"]
[PlyCount "43"]
[EventDate "2025.03.04"]
[EventType "swiss (blitz)"]
[EventRounds "11"]
[EventCountry "USA"]
[SourceTitle "CB11_2025"]
[SourceDate "2025.03.12"]
[SourceVersion "1"]
[SourceVersionDate "2025.03.12"]
[SourceQuality "1"]

1. Nf3 d5 2. e3 Nf6 3. c4 dxc4 4. Bxc4 e6 5. d4 Bb4+ 6. Nc3 0-0 7. 0-0 c6 8. Qe2 b5 9. Bb3 Bb7 10. Rd1 Bd6 11. e4 Bc7 12. Bg5 Qc8 13. Bxf6 gxf6 14. e5 f5 15. Qe3 f6 16. Qh6 Qd7 17. exf6 Qf7 18. Ng5 Qg6 19. Bxe6+ Rf7 20. Bxf7+ Qxf7 21. Nxf7 Kxf7 22. Qg7+ 1-0

[Event "Titled Tuesday intern op 25th Feb Early"]
[Site "Chess.com INT"]
[Date "2025.02.25"]
[Round "4"]
[White "Gomez Aguirre, Juan Alberto"]
[Black "Provotorov, Alexandr P"]
[Result "0-1"]
[WhiteElo "2316"]
[BlackElo "2212"]
[PlyCount "114"]
[EventDate "2025.02.25"]
[EventType "swiss (blitz)"]
[EventRounds "11"]
[EventCountry "USA"]
[SourceTitle "CB10_2025"]
[SourceDate "2025.03.05"]
[SourceVersion "1"]
[SourceVersionDate "2025.03.05"]
[SourceQuality "1"]

1. Nf3 Nf6 2. d4 d6 3. Nbd2 Bf5 4. c3 h6 5. Qb3 Qc8 6. e3 e6 7. Be2 Be7 8. 0-0 0-0 9. Ne1 Nc6 10. f3 d5 11. Nd3 Na5 12. Qd1 b6 13. Nf2 c5 14. e4 Bh7 15. e5 Nd7 16. f4 f6 17. exf6 Bxf6 18. Nf3 cxd4 19. cxd4 Qc2 20. Qxc2 Bxc2 21. Be3 Rac8 22. Ne5 Nxe5 23. fxe5 Be7 24. Rac1 Bf5 25. Bb5 Nc4 26. Bxc4 dxc4 27. Rfd1 Rfd8 28. Nh1 b5 29. Ng3 Bg6 30. Ne2 b4 31. Nf4 Bf5 32. d5 g5 33. d6 gxf4 34. dxe7 Re8 35. Bxf4 Rxe7 36. Rd4 c3 37. Rxb4 Rec7 38. Rxc3 Rxc3 39. bxc3 Rxc3 40. Rb8+ Kg7 41. Rb7+ Kg6 42. Rxa7 Rc2 43. h3 Be4 44. g4 Bd5 45. a4 Rg2+ 46. Kf1 Ra2 47. a5 Bg2+ 48. Ke1 Bxh3 49. Ra8 Bxg4 50. a6 Kf5 51. Bxh6 Bf3 52. a7 Bxa8 53. Bg7 Ke4 54. Kd1 Rxa7 55. Bf6 Rd7+ 56. Ke2 Rd5 57. Kf2 Rxe5 0-1

[Event "Titled Tuesday intern op 25th Feb Early"]
[Site "Chess.com INT"]
[Date "2025.02.25"]
[Round "8"]
[White "Korneev, Svyatoslav"]
[Black "Provotorov, Alexandr P"]
[Result "1-0"]
[WhiteElo "2212"]
[BlackElo "2212"]
[PlyCount "65"]
[EventDate "2025.02.25"]
[EventType "swiss (blitz)"]
[EventRounds "11"]
[EventCountry "USA"]
[SourceTitle "CB10_2025"]
[SourceDate "2025.03.05"]
[SourceVersion "1"]
[SourceVersionDate "2025.03.05"]
[SourceQuality "1"]

1. c4 Nf6 2. Nf3 d6 3. g3 g6 4. Bg2 Bg7 5. 0-0 0-0 6. Nc3 e5 7. d3 Nc6 8. Rb1 a5 9. a3 h6 10. b4 axb4 11. axb4 Be6 12. b5 Ne7 13. Bb2 Nh5 14. Qb3 f5 15. Nd2 Rb8 16. Ra1 g5 17. Ra7 Qc8 18. Nd5 Nxd5 19. cxd5 Bd7 20. Rc1 Qd8 21. Qc4 f4 22. Qxc7 fxg3 23. hxg3 Qxc7 24. Rxc7 Bxb5 25. Raxb7 Ba6 26. Rxb8 Rxb8 27. Ba3 Bf8 28. Bh3 Nf6 29. Be6+ Kh8 30. Rf7 Ng8 31. Ne4 Be7 32. Bxd6 Rb1+ 33. Kg2 1-0

[Event "Titled Tuesday intern op 25th Feb Early"]
[Site "Chess.com INT"]
[Date "2025.02.25"]
[Round "5"]
[White "Provotorov, Alexandr P"]
[Black "Weishaeutel, Moritz"]
[Result "0-1"]
[WhiteElo "2212"]
[BlackElo "2401"]
[PlyCount "90"]
[EventDate "2025.02.25"]
[EventType "swiss (blitz)"]
[EventRounds "11"]
[EventCountry "USA"]
[SourceTitle "CB10_2025"]
[SourceDate "2025.03.05"]
[SourceVersion "1"]
[SourceVersionDate "2025.03.05"]
[SourceQuality "1"]

1. e4 d5 2. exd5 Qxd5 3. Nc3 Qa5 4. d4 Nf6 5. Nf3 Bf5 6. Bc4 e6 7. Qe2 Bb4 8. Bd2 0-0 9. 0-0 Bxc2 10. a3 Bxc3 11. Bxc3 Qf5 12. Nh4 Qe4 13. Rfe1 Qxe2 14. Rxe2 Be4 15. Rc1 Nbd7 16. Bb4 Rfe8 17. Bb5 c6 18. Ba4 Nb6 19. Bb3 Nbd5 20. Bd2 Rad8 21. f3 Bd3 22. Ree1 h6 23. g3 Ne7 24. Bc3 Nfd5 25. Bd2 Nf5 26. Nxf5 Bxf5 27. g4 Bg6 28. Kf2 h5 29. h3 f6 30. Rg1 hxg4 31. hxg4 Kf7 32. g5 Rh8 33. Rh1 Bf5 34. gxf6 gxf6 35. Bxd5 Rxh1 36. Rxh1 Rxd5 37. Be3 a5 38. Rc1 Rb5 39. Rc5 Rxb2+ 40. Kg3 Rb3 41. Bd2 a4 42. Rc4 Be4 43. Rxa4 Rxf3+ 44. Kg4 Kg6 45. Bf4 f5+ 0-1

[Event "Titled Tuesday intern op 11th Feb Early"]
[Site "Chess.com INT"]
[Date "2025.02.11"]
[Round "8"]
[White "Al Tarbosh, Ward"]
[Black "Provotorov, Alexandr P"]
[Result "1-0"]
[WhiteElo "2235"]
[BlackElo "2212"]
[PlyCount "77"]
[EventDate "2025.02.11"]
[EventType "swiss (blitz)"]
[EventRounds "11"]
[EventCountry "USA"]
[SourceTitle "CB08_2025"]
[SourceDate "2025.02.19"]
[SourceVersion "1"]
[SourceVersionDate "2025.02.19"]
[SourceQuality "1"]

1. e4 e5 2. Nf3 Nc6 3. Bb5 a6 4. Ba4 Nf6 5. 0-0 b5 6. Bb3 Bc5 7. c3 d6 8. a4 Rb8 9. axb5 axb5 10. d4 Bb6 11. Na3 0-0 12. Nxb5 Bg4 13. Be3 exd4 14. cxd4 Nxe4 15. Bd5 Qe8 16. Qc2 Nb4 17. Qxe4 Bxf3 18. Qxf3 Qxb5 19. Be4 f5 20. Bb1 Kh8 21. Qh5 Qe8 22. Qh3 Qg6 23. d5 Qg4 24. Qxg4 fxg4 25. Bxb6 Rxb6 26. Rd1 Rb5 27. Be4 Rc5 28. Rd4 Nc2 29. Bxc2 Rxc2 30. Rxg4 Rcxf2 31. h4 h6 32. Ra7 Rc2 33. b4 Rb8 34. h5 Rb2 35. Rxc7 R2xb4 36. Rgxg7 Rb1+ 37. Kh2 R8b4 38. Rgd7 Rb8 39. Rxd6 1-0

[Event "Titled Tuesday intern op 11th Feb Early"]
[Site "Chess.com INT"]
[Date "2025.02.11"]
[Round "2"]
[White "Chernobay, Artem"]
[Black "Provotorov, Alexandr P"]
[Result "1-0"]
[WhiteElo "2454"]
[BlackElo "2212"]
[PlyCount "87"]
[EventDate "2025.02.11"]
[EventType "swiss (blitz)"]
[EventRounds "11"]
[EventCountry "USA"]
[SourceTitle "CB09_2025"]
[SourceDate "2025.02.27"]
[SourceVersion "1"]
[SourceVersionDate "2025.02.27"]
[SourceQuality "1"]

1. d4 Nf6 2. c4 d6 3. Nf3 c6 4. Nc3 Bf5 5. Nh4 Bd7 6. e4 e5 7. Nf3 Bg4 8. Be2 Nbd7 9. 0-0 Be7 10. Be3 0-0 11. Qc2 Re8 12. Rad1 Qc7 13. b4 a6 14. a4 Rad8 15. Rfe1 Bf8 16. h3 Bxf3 17. Bxf3 h6 18. Qb3 exd4 19. Bxd4 c5 20. bxc5 Nxc5 21. Qc2 Ncd7 22. Nd5 Nxd5 23. exd5 Nc5 24. Rb1 Rxe1+ 25. Rxe1 Qa5 26. Rb1 b6 27. Bd1 Re8 28. Bc3 Qxa4 29. Qxa4 Nxa4 30. Bxa4 Rc8 31. Bc6 Rb8 32. Bd4 b5 33. cxb5 axb5 34. Rxb5 Rd8 35. Rb7 g6 36. Bf6 Rc8 37. Rd7 h5 38. h4 Rb8 39. g3 Rc8 40. Kg2 Rb8 41. Rd8 Rxd8 42. Bxd8 f6 43. Bxf6 Kf7 44. Bg5 1-0

[Event "Titled Tuesday intern op 11th Feb Early"]
[Site "Chess.com INT"]
[Date "2025.02.11"]
[Round "6"]
[White "Kshatriya, Nitin Vekhande"]
[Black "Provotorov, Alexandr P"]
[Result "0-1"]
[WhiteElo "2133"]
[BlackElo "2212"]
[PlyCount "146"]
[EventDate "2025.02.11"]
[EventType "swiss (blitz)"]
[EventRounds "11"]
[EventCountry "USA"]
[SourceTitle "CB08_2025"]
[SourceDate "2025.02.19"]
[SourceVersion "1"]
[SourceVersionDate "2025.02.19"]
[SourceQuality "1"]

1. e4 e5 2. Nf3 Nc6 3. Bb5 a6 4. Bxc6 dxc6 5. d4 exd4 6. Qxd4 Qxd4 7. Nxd4 Bd7 8. Be3 0-0-0 9. Nd2 Re8 10. f3 f5 11. Kf2 fxe4 12. Nxe4 c5 13. Ne2 b6 14. Rad1 Bc6 15. N2c3 Ne7 16. Rhe1 Nf5 17. Nd5 Nxe3 18. Rxe3 Rd8 19. Ndc3 Rxd1 20. Nxd1 Be7 21. Re2 Rd8 22. Rd2 Rf8 23. Ndc3 b5 24. Nd5 Bxd5 25. Rxd5 c4 26. Ke3 c6 27. Rd1 Kc7 28. f4 Re8 29. Kf3 a5 30. g4 a4 31. a3 Rb8 32. c3 Rf8 33. Ng3 g6 34. f5 Bd6 35. Ne4 Be5 36. Nc5 Rf7 37. Ne6+ Kb6 38. Ng5 Rg7 39. h4 gxf5 40. gxf5 Bf6 41. Ne4 Bxh4 42. Kf4 Rg2 43. Rh1 Bd8 44. Rxh7 Rxb2 45. Rd7 Bh4 46. Kg4 Rh2 47. Nd2 Bf6 48. Ne4 Be5 49. Re7 Bh8 50. Kg3 Rc2 51. Re8 Bxc3 52. Nxc3 Rxc3+ 53. Kg4 Rc1 54. f6 Rf1 55. Kg5 c3 56. Re2 b4 57. axb4 Kb5 58. Kg6 Kxb4 59. f7 Kb3 60. Re8 Rxf7 61. Rb8+ Ka2 62. Kxf7 c2 63. Ke6 c1Q 64. Rd8 Qb2 65. Kd7 Qd2+ 66. Kxc6 Qxd8 67. Kb5 Qb8+ 68. Kxa4 Kb2 69. Ka5 Kb3 70. Ka6 Qb4 71. Ka7 Kc4 72. Ka8 Kc5 73. Ka7 Kc6 0-1

[Event "Titled Tuesday intern op 11th Feb Early"]
[Site "Chess.com INT"]
[Date "2025.02.11"]
[Round "10"]
[White "Provotorov, Alexandr P"]
[Black "Brunner, Nicolas"]
[Result "1/2-1/2"]
[WhiteElo "2212"]
[BlackElo "2421"]
[PlyCount "79"]
[EventDate "2025.02.11"]
[EventType "swiss (blitz)"]
[EventRounds "11"]
[EventCountry "USA"]
[SourceTitle "CB09_2025"]
[SourceDate "2025.02.27"]
[SourceVersion "1"]
[SourceVersionDate "2025.02.27"]
[SourceQuality "1"]

1. e4 e5 2. Bc4 Nf6 3. d3 c6 4. Nf3 d5 5. Bb3 Bd6 6. Nc3 d4 7. Ne2 0-0 8. 0-0 c5 9. c3 Nc6 10. cxd4 cxd4 11. Ng3 a5 12. a3 b5 13. h3 a4 14. Bc2 Be6 15. Ng5 Bd7 16. Nf5 Bxf5 17. exf5 Nd5 18. Qh5 h6 19. Ne4 Be7 20. Qf3 Rc8 21. Bd2 Na5 22. Rac1 Qb6 23. Qg3 Nf4 24. Bxf4 exf4 25. Qxf4 Rfe8 26. Qd2 Nc6 27. f4 Bf8 28. Rfe1 Ne7 29. g4 Nd5 30. Bb1 Ne3 31. Ba2 Qb8 32. Qf2 Rxc1 33. Rxc1 Rc8 34. Rxc8 Qxc8 35. Kh2 Qc1 36. f6 Nf1+ 37. Kg2 Ne3+ 38. Kh2 Nf1+ 39. Kg2 Ne3+ 40. Kh2 1/2-1/2

[Event "Titled Tuesday intern op 11th Feb Early"]
[Site "Chess.com INT"]
[Date "2025.02.11"]
[Round "4"]
[White "Provotorov, Alexandr P"]
[Black "Matyukov, Petr"]
[Result "0-1"]
[WhiteElo "2212"]
[BlackElo "2315"]
[PlyCount "144"]
[EventDate "2025.02.11"]
[EventType "swiss (blitz)"]
[EventRounds "11"]
[EventCountry "USA"]
[SourceTitle "CB09_2025"]
[SourceDate "2025.02.27"]
[SourceVersion "1"]
[SourceVersionDate "2025.02.27"]
[SourceQuality "1"]

1. e4 c5 2. Nf3 d6 3. c3 Nf6 4. h3 g6 5. Bd3 Bg7 6. Bc2 e5 7. d4 cxd4 8. cxd4 exd4 9. Nxd4 0-0 10. 0-0 d5 11. e5 Ne4 12. f3 Nc5 13. Re1 Nc6 14. Nxc6 bxc6 15. Nc3 Rb8 16. Rb1 d4 17. Ne4 Ne6 18. f4 c5 19. Bb3 Qc7 20. Bc4 Bb7 21. Qd3 Qc6 22. b3 Nc7 23. Rb2 Nd5 24. Rf2 Ne3 25. Bxe3 Qxe4 26. Qxe4 Bxe4 27. Bd2 Bc6 28. g4 Rfe8 29. Kh2 Bb5 30. Bxb5 Rxb5 31. Rc1 f6 32. exf6 Bxf6 33. Kg2 d3 34. Kg3 h5 35. g5 Bd4 36. Rg2 Rb6 37. Rd1 Rbe6 38. Bc1 Re1 39. Rxe1 Rxe1 40. Bd2 Rd1 41. Kf3 Kf7 42. Ke4 Rh1 43. Kxd3 Rxh3+ 44. Kc4 Rf3 45. Kd5 h4 46. b4 h3 47. Rh2 Bg1 48. Rh1 h2 49. bxc5 Rd3+ 50. Ke4 Rxd2 51. f5 Re2+ 52. Kf3 Rf2+ 53. Kg4 Rxf5 54. c6 Rc5 55. Kf3 Rxc6 56. Ke4 Rc5 57. Kf4 Ra5 58. a4 Rxa4+ 59. Ke5 a5 60. Kd5 Ra1 61. Kc6 a4 62. Kb5 a3 63. Ka4 a2 64. Kb3 Ke6 65. Kb2 Rf1 66. Kxa2 Kf5 67. Kb3 Kg4 68. Kc4 Kg3 69. Kd3 Kg2 70. Rxh2+ Bxh2 71. Ke4 Rf5 72. Kd3 Kf3 0-1

[Event "Titled Tuesday intern op 04th Feb Early"]
[Site "Chess.com INT"]
[Date "2025.02.04"]
[Round "10"]
[White "De Souza, Arthur Olintho"]
[Black "Provotorov, Alexandr P"]
[Result "0-1"]
[WhiteElo "2105"]
[BlackElo "2212"]
[PlyCount "60"]
[EventDate "2025.02.04"]
[EventType "swiss (blitz)"]
[EventRounds "11"]
[EventCountry "USA"]
[SourceTitle "CB07_2025"]
[SourceDate "2025.02.12"]
[SourceVersion "1"]
[SourceVersionDate "2025.02.12"]
[SourceQuality "1"]

1. e4 e5 2. Nf3 Nc6 3. Bb5 a6 4. Ba4 Nf6 5. 0-0 b5 6. Bb3 Bb7 7. c3 Be7 8. Re1 0-0 9. d4 d6 10. Nbd2 h6 11. Nf1 Re8 12. Ng3 Bf8 13. d5 Na5 14. Bc2 c6 15. dxc6 Bxc6 16. Nh4 d5 17. exd5 Qxd5 18. Qxd5 Bxd5 19. Nhf5 Rad8 20. Be3 Nc4 21. b3 Nxe3 22. Rxe3 g6 23. Nh4 Ng4 24. Re2 Be7 25. Nf3 Bd6 26. Ne4 Bc7 27. h3 Bxe4 28. Bxe4 Nf6 29. Bc6 Re6 30. Rae1 Rxc6 0-1

[Event "Titled Tuesday intern op 04th Feb Early"]
[Site "Chess.com INT"]
[Date "2025.02.04"]
[Round "4"]
[White "Hartikainen, Jarmo"]
[Black "Provotorov, Alexandr P"]
[Result "1/2-1/2"]
[WhiteElo "2091"]
[BlackElo "2212"]
[PlyCount "119"]
[EventDate "2025.02.04"]
[EventType "swiss (blitz)"]
[EventRounds "11"]
[EventCountry "USA"]
[SourceTitle "CB07_2025"]
[SourceDate "2025.02.12"]
[SourceVersion "1"]
[SourceVersionDate "2025.02.12"]
[SourceQuality "1"]

1. e4 e5 2. Nf3 Nc6 3. Bc4 Nf6 4. d3 h6 5. c3 d6 6. h3 g6 7. Be3 Bg7 8. Qd2 d5 9. Bb5 dxe4 10. Nxe5 Bd7 11. Nxd7 Qxd7 12. dxe4 Nxe4 13. Qxd7+ Kxd7 14. Nd2 Nxd2 15. 0-0-0 a6 16. Rxd2+ Kc8 17. Bxc6 bxc6 18. Rhd1 Be5 19. Rd7 f5 20. Rf7 Re8 21. Bxh6 Bd6 22. Rf6 Re2 23. Rd2 Re1+ 24. Kc2 Kb7 25. Rxg6 Rae8 26. Be3 c5 27. g3 Rh1 28. h4 f4 29. Bxf4 Bxf4 30. gxf4 Rxh4 31. f5 Rf4 32. f6 Rf8 33. Re2 R8xf6 34. Rxf6 Rxf6 35. Kd3 Kc6 36. Kc4 Rf4+ 37. Kb3 a5 38. Re6+ Kb7 39. Re2 Kc6 40. Kc2 a4 41. Kd3 Kb5 42. Ke3 Rf6 43. Rd2 Kc4 44. Rd7 c6 45. f4 a3 46. bxa3 Kxc3 47. Ke4 c4 48. Ke5 Rf8 49. Rc7 Kb2 50. Rxc6 c3 51. a4 c2 52. a5 c1Q 53. Rxc1 Kxc1 54. f5 Ra8 55. Ke6 Rxa5 56. f6 Rxa2 57. f7 Ra8 58. Ke7 Ra7+ 59. Ke8 Rxf7 60. Kxf7 1/2-1/2